A Quote for Every American President - Statistics

General Stats
  • This quiz has been taken 53 times
    45 since last reset
  • The average score is 8 of 45
Answer Stats
President Quote Answer % Correct
George Washington It is far better to be alone, than in ___ company. Bad
69%
James Monroe Preparation for ___ is a constant stimulus to suspicion and ill will. War
61%
George H W Bush I do not like ________. And I haven't liked it since I was a little kid and my mother made me eat it. And I'm President of the United States and I'm not going to eat any more ________. Broccoli
47%
Richard Nixon People have got to know whether or not their president is a _____. Well, I'm not a _____. I earned everything I've got. Crook
47%
James Madison If men were ______, no government would be necessary. Angels
39%
John Adams _______, once lost, is lost forever. Liberty
36%
William McKinley War should never be entered upon until every agency of _____ has failed. Peace
33%
Abraham Lincoln The ballot is ________ than the bullet. Stronger
33%
James Garfield The _____ will set you free, but first it will make you miserable. Truth
33%
Gerald Ford My fellow Americans, our long national _________ is over. Nightmare
31%
Herbert Hoover In America today, we are nearer a final triumph over _______ than is any other land. Poverty
31%
George W Bush I know the human being and ____ can coexist peacefully Fish
25%
Andrew Johnson ______ exists. It is black in the South, and white in the North. Slavery
25%
Lyndon B Johnson While you're saving your face, you're losing your ___. Ass
22%
Ronald Reagan We can't help ________, but ________ can help someone. Everyone
19%
James K Polk With me it is exceptionally true that the __________ is no bed of roses. Presidency
19%
Barack Obama If you're walking down the right path and you're willing to keep walking, eventually you'll make ________. Progress
19%
Ulysses S Grant I know only two tunes: one of them is '______ ______', and the other isn't. Yankee Doodle
19%
Franklin Roosevelt I ask you to judge me by the _______ I have made. Enemies
17%
Dwight D Eisenhower Any man who wants to be president is either an egomaniac or _____. Crazy
14%
William Henry Harrison The only legitimate right to govern is an express grant of power from the ________. Governed
14%
Thomas Jefferson _____ costs us more than hunger, thirst, and cold. Pride
11%
Zachary Taylor Stop your nonsense and drink your _______! Whiskey
11%
Franklin Pierce There's nothing left... but to ___ _____. Get Drunk
8%
Harry Truman I never did give anybody ____. I just told the truth and they thought it was ____ Hell
8%
John Quincy Adams America does not go abroad in search of ________ to destroy. Monsters
8%
Rutherford B Hayes Must swear off from ________. Bad habit. Swearing
8%
Jimmy Carter Whatever starts in __________ unfortunately has an inclination to spread. California
6%
Andrew Jackson One man with _______ makes a majority. Courage
6%
Teddy Roosevelt It is not the ______ who counts. Critic
6%
Martin Van Buren The people under our system, like the king in a monarchy, never ____. Dies
6%
Warren Harding I don't know much about Americanism, but it's a damn good word with which to carry an ________. Election
6%
John F Kennedy The _________ of one voter in a democracy impairs the security of all. Ignorance
6%
Joe Biden If I don't run for president, we'll all __ __. Be OK
3%
Bill Clinton ________ is a journey, not a destination. Character
3%
John Tyler I can never consent to being ________ to. Dictated
3%
Grover Cleveland _____ lies in honest toil. Honor
3%
William Howard Taft The world is not going to be saved by ___________. Legislation
3%
Benjamin Harrison Great _____ never go out; they go on. Lives
3%
James Buchanan I like the _____ of democracy. Noise
3%
Millard Filmore The nourishment is _________ Palatable
3%
Donald Trump What separates the winners from the losers is how a person reacts to each new _____ __ ____. Twist of Fate
3%
Calvin Coolidge The nation which forgets its _________ will be itself forgotten. Defenders
0%
Woodrow Wilson The history of liberty is a history of __________. Resistance
0%
Chester A Arthur Men may die, but the fabrics of free institutions remains ________. Unshaken
0%
No matching quizzes found
Score Distribution
Percent of People with Each Score
Percentile by Number Answered
Your Score History
You have not taken this quiz since the last reset